Statistiche per U.S.D. Pro Victoria

Clicka qui per fare il quiz!

Statistiche generali

  • Questo quiz è stato fatto 3 volte
  • Il punteggio medio è 4 su 7

Statistiche sulle risposte

DomandaRisposta% Corretto
In che anno è nata la Pro Victoria?1906
100%
La Pro Victoria è la squadra più antica della sua città?si, è la prima
100%
Quando è stato l'ultimo anno in seconda categoria?2017-18
67%
In che stagione è nata la Pro Victoria?primavera
67%
Quali sono i colori sociali della Pro Victoria?bianco-verde
33%
In che categoria gioca la Pro Victoria?terza categoria
33%
In che città ha il campo sportivo la Pro Victoria?Monza
0%

Distribuzione punteggi

Percentile per numero di risposta

Percentuale di utenti per punteggio

I tuoi punteggi nel tempo

Non hai fatto questo quiz